Les titulatures des empereurs romains dans les documents en langue égyptienne /

محفوظ في:

المؤلف الرئيسي: Grenier, Jean-Claude (مؤلف)

التنسيق: كتاب

اللغة: French

منشور في: Bruxelles : Fondation égyptologique reine Elisabeth, 1989.

سلاسل: Papyrologica Bruxellensia ; 22.
PapBrux ; 22.

الموضوعات:

الوسوم: إضافة وسم

لا توجد وسوم, كن أول من يضع وسما على هذه التسجيلة!

رقم الطلب: PA3339 .P2 v.22

LEADER 00952nam a22002897a 4500
003 OSt
005 20251006093440.0
008 251006t1989 be b 000 0 fre d
010 |a 90113989 
040 |c ARCE Library 
043 |a f-ua---  |a e-it--- 
050 1 4 |a PA3339  |b .P2 v.22 
100 1 |a Grenier, Jean-Claude,  |e author 
245 1 4 |a Les titulatures des empereurs romains dans les documents en langue égyptienne /  |c Jean-Claude Grenier. 
264 1 |a Bruxelles :   |b Fondation égyptologique reine Elisabeth,   |c 1989. 
300 |a 122 pages ;  |c 24 cm. 
490 1 |a Papyrologica Bruxellensia ;   |v 22. 
490 1 |a PapBrux ;   |v 22. 
504 |a Includes bibliographical references. 
650 0 |a Emperors  |z Rome  |x Titles. 
650 0 |a Names, Personal  |x Egyptian. 
651 0 |a Egypt  |x Kings and rulers  |x Titles. 
830 0 |a Papyrologica Bruxellensia ;   |v 22. 
830 0 |a PapBrux ;   |v 22. 
901 |a reviewed 
942 |c BK  |2 lcc 
999 |c 22385  |d 22385